00493 2200181 4500001002100000005001500021008004100036020002200077035001900099041000700118082001100125090001700136100002000153245004900173260004500222300002400267650002000291INLIS00000000001066920241224114036241224||||||||| | ||| |||| || |  a978-602-00-2265-9 0010-1224010669 aid0 a005.43 a005.43 LIL t0 aLilis Setiawati00aTip dan Trik Mengatasi Kesalahan dalam Excel aJakartabPT. Elex Media Komputindoc2012 ax + 100 hlm.; 21 cm 0aMicrosoft Excel